Name these Februarians - Statistics

General Stats
  • This quiz has been taken 92 times
  • The average score is 15 of 29
Answer Stats
Picture Hint Answer % Correct
February 4th
Civil Rights Activist
Rosa Parks
93%
February 12th
US President
Abraham Lincoln
89%
February 1st
Singer
Harry Styles
88%
February 6th
US President
Ronald Reagan
88%
February 17th
Singer
Ed Sheeran
86%
February 11th
Actress
Jennifer Aniston
85%
February 20th
Singer
Rihanna
85%
February 24th
Businessman
Steve Jobs
84%
February 2nd
Singer
Shakira
83%
February 22nd
US President
George Washington
81%
February 18th
Actor
John Travolta
68%
February 25th
Musician
George Harrison
59%
February 26th
Singer
Johnny Cash
54%
February 16th
Actress
Elizabeth Olsen
53%
February 15th
Rapper
Megan Thee Stallion
49%
February 21st
Actor
Alan Rickman
44%
February 8th
Composer
John Williams
43%
February 14th
New York Mayor
Businessman
Mike Bloomberg
39%
February 10th
Actress
Laura Dern
38%
February 23rd
Actor
Josh Gad
34%
February 5th
Actor
Michael Sheen
33%
February 7th
Actor
James Spader
30%
February 3rd
Actor
Warwick Davis
30%
February 9th
US President
William Henry Harrison
30%
February 19th
Actress
Singer
Victoria Justice
26%
February 28th
Comedian
Gillbert Gottfried
25%
February 27th
Roman Emperor
Constantine the Great
21%
February 29th
Rapper
Ja Rule
8%
February 13th
Singer
TV Host
Tennessee Ernie Ford
3%
No matching quizzes found
Score Distribution
Percent of People with Each Score
Percentile by Number Answered
Your Score History
You have not taken this quiz